Wheater's basic pathology : (Record no. 117106)

MARC details
000 -LEADER
fixed length control field 01063cam a2200337 a 4500
008 - FIXED-LENGTH DATA ELEMENTS--GENERAL INFORMATION
fixed length control field
020 ## - INTERNATIONAL STANDARD BOOK NUMBER
International Standard Book Number 9780443068027 (pbk.)
049 ## - LOCAL HOLDINGS (OCLC)
Holding library MAIN
090 ## - LOCALLY ASSIGNED LC-TYPE CALL NUMBER (OCLC); LOCAL CALL NUMBER (RLIN)
Classification number (OCLC) (R) ; Classification number, CALL (RLIN) (NR) RB33
Local cutter number (OCLC) ; Book number/undivided call number, CALL (RLIN) YOU.
003 - CONTROL NUMBER IDENTIFIER
control field
005 - DATE AND TIME OF LATEST TRANSACTION
control field 20230120204111.0
040 ## - CATALOGING SOURCE
Transcribing agency NUST
100 ## - MAIN ENTRY--PERSONAL NAME
Personal name Young, Babra.
245 00 - TITLE STATEMENT
Title Wheater's basic pathology :
Remainder of title a text, atlas, and review of histopathology /
Statement of responsibility, etc. Babra Young, William Stewart [and] Gerald O'Dowd.
246 13 - VARYING FORM OF TITLE
Title proper/short title Basic pathology.
250 ## - EDITION STATEMENT
Edition statement 5th ed.
260 ## - PUBLICATION, DISTRIBUTION, ETC.
Place of publication, distribution, etc. [Edinburgh] :
Name of publisher, distributor, etc. Churchill Livingstone/Elsevier,
Date of publication, distribution, etc. c2011.
300 ## - PHYSICAL DESCRIPTION
Extent x, 337 p. :
Other physical details ill. ;
Dimensions 30 cm.
500 ## - GENERAL NOTE
General note Includes index.
650 12 - SUBJECT ADDED ENTRY--TOPICAL TERM
Topical term or geographic name entry element Histology
Form subdivision Atlases.
650 12 - SUBJECT ADDED ENTRY--TOPICAL TERM
Topical term or geographic name entry element Pathology
Form subdivision Atlases.
650 #0 - SUBJECT ADDED ENTRY--TOPICAL TERM
Topical term or geographic name entry element Histology, Pathological.
650 #0 - SUBJECT ADDED ENTRY--TOPICAL TERM
Topical term or geographic name entry element Histology, Pathological
Form subdivision Atlases.
700 1# - ADDED ENTRY--PERSONAL NAME
Personal name Young, Barbara.
700 1# - ADDED ENTRY--PERSONAL NAME
Personal name Stewart, William.
700 1# - ADDED ENTRY--PERSONAL NAME
Personal name O'Dowd, Geraldine.
700 1# - ADDED ENTRY--PERSONAL NAME
Personal name Wheater, Paul R.
730 0# - ADDED ENTRY--UNIFORM TITLE
Uniform title Wheater's basic histopathology.
907 ## - LOCAL DATA ELEMENT G, LDG (RLIN)
a .b1031443x
b 26-02-18
c 10-05-12
942 ## - ADDED ENTRY ELEMENTS (KOHA)
Koha item type Ordinary Loan Books
Call number prefix RB33
Call number suffix YOU.
Holdings
Date last seen Total Checkouts Full call number Barcode Cost, replacement price Price effective from Koha item type Lost status Source of classification or shelving scheme Damaged status Not for loan Collection Withdrawn status Home library Current library Shelving location Date acquired Cost, normal purchase price
01/20/2023 2 RB33 BAB 92004030770 80.00 01/20/2023 BOOKS   LCC     NFIC   Medical Medical GEN 01/20/2023 80.00